Get real, m'lud (Record no. 67149)

MARC details
000 -LEADER
fixed length control field 01160cam a2200229 4500
001 - CONTROL NUMBER
control field ABS63979
008 - FIXED-LENGTH DATA ELEMENTS--GENERAL INFORMATION
fixed length control field 000000n2001 000 0 eng u
035 ## - SYSTEM CONTROL NUMBER
System control number (Sirsi) u112794
100 ## - MAIN ENTRY--PERSONAL NAME
Personal name Bingham, T
245 ## - TITLE STATEMENT
Title Get real, m'lud
260 ## - PUBLICATION, DISTRIBUTION, ETC.
Date of publication, distribution, etc. 2001
490 ## - SERIES STATEMENT
Series statement Building
Volume/sequential designation 266(8184) 11 May 2001, 47-48(2)
520 ## - SUMMARY, ETC.
Summary, etc. With reference to the case of "Discain v Opecprime", argues that adjudicators should be free to telephone one party without the presence of the other party during the 28 day period in order to clarify evidence. Suggests that Judge Bowsher's recommendation in "Discain v Opecprime" of limiting one-to-one telephone calls to an administrative nature to avoid appearing impartial, is unrealistic given the level of investigation required in a short timescale.
590 ## - LOCAL NOTE (RLIN)
Local note ABS
650 ## - SUBJECT ADDED ENTRY--TOPICAL TERM
Topical term or geographic name entry element MANAGEMENT-DISPUTE AVOIDANCE, MANAGEMENT AND RESOLUTION-DISPUTE MANAGEMENT AND RESOLUTION-ALTERNATIVE DISPUTE RESOLUTION-ADJUDICATION
650 ## - SUBJECT ADDED ENTRY--TOPICAL TERM
Topical term or geographic name entry element IMPARTIALITY
650 ## - SUBJECT ADDED ENTRY--TOPICAL TERM
Topical term or geographic name entry element TELEPHONE
650 ## - SUBJECT ADDED ENTRY--TOPICAL TERM
Topical term or geographic name entry element COMMUNICATION
650 ## - SUBJECT ADDED ENTRY--TOPICAL TERM
Topical term or geographic name entry element DISCAIN PROJECT SERVICES LTD V OPECPRIME DEVELOPMENT LTD
690 ## - LOCAL SUBJECT ADDED ENTRY--TOPICAL TERM (OCLC, RLIN)
Topical term or geographic name as entry element Dispute resolution
9 (RLIN) 6236
942 ## - ADDED ENTRY ELEMENTS (KOHA)
Suppress in OPAC 0
Holdings
Withdrawn status Lost status Source of classification or shelving scheme Damaged status Not for loan Home library Current library Shelving location Date acquired Total Checkouts Full call number Barcode Date last seen Copy number Price effective from Koha item type
    Dewey Decimal Classification     London London Journal article 25/05/2001   ABS63979 112794-1001 06/08/2019 1 06/08/2019 Journal article